| 000 | 00721nam a22002177a 4500 | ||
|---|---|---|---|
| 999 |
_c7874 _d7874 |
||
| 003 | AR-CdUCM | ||
| 008 | 190321b ||||| |||| 00| 0 spa d | ||
| 040 |
_aMUNICIPALIDAD PROVINCIAL DEL CUSCO _cBIBLIOTECA MUNICIPAL DEL CUSCO |
||
| 082 |
_a508 / _bM95 |
||
| 100 |
_aMuirden, James _922266 |
||
| 245 | _aLos vecinos de la tierra / | ||
| 260 |
_aSalamanca : _bAnaya, _c1971 |
||
| 300 |
_a48 paginas ; _bIlustraciones, _c18 cm. |
||
| 500 | _aTitulo original : The earth´s neighbours | ||
| 505 | _aContenido : Mirando el cielo -- Gravedad -- Como se formaron los planetas -- La tierra -- El sol... | ||
| 650 |
_aPlanetas _918636 |
||
| 650 |
_aTierra _9337 |
||
| 650 |
_aSol _9115 |
||
| 942 |
_2ddc _cLIBROS |
||
| 945 | _awnts | ||